Statistiken für Aus welchen Land ist welche Internetseite wirklich? - Part 1

Klicken Sie hier um das Quiz zu spielen!

Allgemein

  • Dieses Quiz wurde 49 mal gespielt
  • Das Durchschnittsergebnis liegt bei 6 aus 20

Antwortstatistiken

WebsiteHerkunft% Korrekt
AmazonUSA
78%
TwitterUSA
76%
TwitchUSA
65%
JetpunkUSA
65%
PayPalUSA
63%
PinterestUSA
59%
WattpadUSA
57%
WeiboChina
28%
PixivUSA
28%
YouTubeIrland
22%
FacebookIrland
20%
GoogleIrland
17%
TikTokDeutschland
13%
Nico VideoJapan
9%
VKRussland
9%
NetflixIrland
7%
Nintendo.deItalien
7%
eBaySchweiz
2%
Microsoft.comSchweiz
2%
AliExpressNiederlande
0%

Verteilung der Resultate

Perzentil nach korrekt beantworteten Fragen

Anzahl Personen mit jedem Resultat

Ihre Resultats-Entwicklung

Sie haben dieses Quiz noch nicht gespielt